Securing the nation's rail and other surface transportation networks : hearing before the Committee on Commerce, Science, and Transportation, United States Senate, One Hundred Eleventh Congress, second session, April 21, 2010.

Bibliographic Details
Corporate Author: United States. Congress. Senate. Committee on Commerce, Science, and Transportation
Format: Government Document eBook
Language:English
Published: Washington : U.S. G.P.O., 2011.
Series:S. hrg. ; 111-961
Subjects:
Online Access:https://purl.fdlp.gov/GPO/gpo7765

MARC

Tag First Indicator Second Indicator Subfields
LEADER 00000cam a2200000 a 4500
001 in00002698607
005 20211120161714.0
006 m d f
007 cr bn|||||||||
008 110524s2011 dcua ob f000 0 eng c
029 1 |a AU@  |b 000049004345 
035 |a (OCoLC)ocn726879957 
040 |a GPO  |c GPO  |d GPO  |d MvI  |d UtOrBLW 
042 |a pcc 
043 |a n-us--- 
049 |a WWW 
050 1 4 |a KF26  |b .C69 2010i 
074 |a 1041-C (online) 
086 0 |a Y 4.C 73/7:S.HRG.111-961 
110 1 |a United States.  |b Congress.  |b Senate.  |b Committee on Commerce, Science, and Transportation. 
245 1 0 |a Securing the nation's rail and other surface transportation networks :  |b hearing before the Committee on Commerce, Science, and Transportation, United States Senate, One Hundred Eleventh Congress, second session, April 21, 2010. 
264 1 |a Washington :  |b U.S. G.P.O.,  |c 2011. 
300 |a 1 online resource (iii, 72 pages) :  |b illustrations 
336 |a text  |b txt  |2 rdacontent 
337 |a computer  |b c  |2 rdamedia 
338 |a online resource  |b cr  |2 rdacarrier 
490 1 |a S. hrg. ;  |v 111-961 
500 |a Title from title screen (viewed on May 24, 2011). 
504 |a Includes bibliographical references. 
500 |a Electronic resource. 
650 0 |a Railroads  |x Security measures  |z United States. 
650 0 |a Transportation  |x Security measures  |z United States. 
650 0 |a Terrorism  |x Risk assessment  |z United States. 
650 0 |a Transportation  |x Effect of terrorism on  |z United States. 
610 1 0 |a United States.  |b Transportation Security Administration  |x Evaluation. 
610 1 0 |a United States.  |b Department of Homeland Security  |x Evaluation. 
776 0 8 |i Print version:  |a United States. Congress. Senate. Committee on Commerce, Science, and Transportation.  |t Securing the nation's rail and other surface transportation networks  |w (OCoLC)726879946 
776 0 8 |i Microfiche:  |a United States. Congress. Senate. Committee on Commerce, Science, and Transportation.  |t Securing the nation's rail and other surface transportation networks  |w (OCoLC)755586698 
810 1 |a United States.  |b Congress.  |b Senate.  |t S. hrg. ;  |v 111-961. 
856 4 0 |u https://purl.fdlp.gov/GPO/gpo7765  |t 0 
999 |a MARS 
999 f f |s b3eb143f-f06a-383c-9416-e67e2197786a  |i 5ec0f1fa-6593-3925-83f9-03916796a3f9  |t 0 
952 f f |a Texas A&M University  |b College Station  |c Electronic Resources  |d Available Online  |t 0  |e Y 4.C 73/7:S.HRG.111-961  |h Superintendent of Documents classification 
998 f f |a Y 4.C 73/7:S.HRG.111-961  |t 0  |l Available Online